B14_くふうトリップ選出「47都道府県のおすすめスポット」 - Statistics

General Stats
  • This quiz has been taken 12 times
  • The average score is 22 of 47
Answer Stats
都道府県 観光スポット % Correct
石川県 兼六園
89%
群馬県 草津温泉
78%
東京都 浅草寺
78%
富山県 黒部ダム
78%
京都府 清水寺
78%
大阪府 ユニバーサル・スタジオ・ジャパン
78%
鳥取県 鳥取砂丘
78%
島根県 出雲大社
78%
広島県 厳島神社
78%
愛媛県 道後温泉
78%
長崎県 ハウステンボス
78%
山形県 銀山温泉
67%
三重県 伊勢神宮
67%
滋賀県 びわ湖テラス
67%
大分県 別府鉄輪 ひょうたん温泉
67%
岩手県 中尊寺金色堂
56%
岐阜県 白川郷
56%
岡山県 岡山城
56%
福岡県 門司港レトロ
56%
佐賀県 吉野ヶ里歴史公園
56%
鹿児島県 奄美大島
56%
北海道 小樽運河
44%
埼玉県 川越氷川神社
44%
静岡県 熱海温泉
44%
愛知県 犬山城
44%
奈良県 春日大社
44%
山口県 角島大橋
44%
徳島県 鳴門の渦潮
44%
宮城県 瑞鳳殿
33%
秋田県 田沢湖
33%
福島県 会津若松城
33%
栃木県 あしかがフラワーパーク
33%
福井県 永平寺
33%
山梨県 河口湖
33%
兵庫県 神戸ハーバーランド
33%
香川県 エンジェルロード(小豆島)
33%
高知県 桂浜
33%
青森県 ねぶたの家 ワ・ラッセ
22%
茨城県 袋田の滝
22%
長野県 上高地
22%
新潟県 高田城址公園
11%
和歌山県 友ヶ島
11%
熊本県 黒川温泉
11%
宮崎県 高千穂峡
11%
沖縄県 ティーヌ浜
11%
千葉県 ふなばしアンデルセン公園
0%
神奈川県 箱根彫刻の森美術館
0%
No matching quizzes found
Score Distribution
Percent of People with Each Score
Percentile by Number Answered
Your Score History
You have not taken this quiz